| 000 | 00483nam a2200157 a 4500 | ||
|---|---|---|---|
| 001 | 000034956 | ||
| 005 | 20200930074018.0 | ||
| 008 | 111024s1969 mx 000 0 spa d | ||
| 040 |
_aDO-SdBNP _bspa _cBNPHU |
||
| 100 | 1 |
_aJulien, Claude _960548 |
|
| 245 | 1 | 3 |
_aEl imperio américano / _cClaude Julien. |
| 260 |
_aBarcelona : _bEdiciones Crijalbo, _c1969. |
||
| 300 |
_a421 p. ; _c21 cm. |
||
| 500 | _aIncluye referencias bibliográficas y notas al pie de las páginas | ||
| 049 | _aBNPD | ||
| 999 |
_c34447 _d34447 |
||